LA REVOLUCION INTERRUMPIDA: MEXICO, 1910-1920, UNA GUERRA CAMPESINA POR LA TIERRA Y EL PODER/

Gespeichert in:
Bibliographische Detailangaben
1. Verfasser: Gilly, Adolfo (autor)
Format: Buch
Ausgabe:24a edición
Schriftenreihe:FRAGUA MEXICANA; 5
Schlagworte:
Tags: Tag hinzufügen
Keine Tags, Fügen Sie das erste Tag hinzu!

MARC

LEADER 00000nam^a2200000^a^4500
001 000224681
005 20250521000000.0
009 20260310104058.9
020 |a 968-6011-02-1 
035 |a 035480 
037 |a Acervo Xavier Clavigero 
082 |a 972. 0816  |b GIL 
100 |a Gilly, Adolfo  |e (autor) 
245 1 3 |a LA REVOLUCION INTERRUMPIDA:  |b MEXICO, 1910-1920, UNA GUERRA CAMPESINA POR LA TIERRA Y EL PODER/  |c ADOLFO GILLY 
250 |a 24a edición 
264 |a MEXICO :  |b EL CABALLITO,  |c 1986 
300 |a 410p. 
336 |a texto  |b txt  |2 rdacontenido 
337 |a sin mediación  |b n  |2 rdamedio 
338 |a volumen  |b nc  |2 rdasoporte 
440 |a FRAGUA MEXICANA;  |v 5 
649 |a XX 
650 |a México -  |x Historia -  |y Revolución, 1910-1917 
910 |a Fondo General 
920 |a Impresos - Libros 
930 |a Colección General 
905 |a 101 
901 |a 035480  |b IT1  |c ACC  |i 035480  |u 20250521 
902 |a https://opac.biblio.iteso.mx/vufind/Record/000224681